<?xml version="1.0" encoding="UTF-8"?><?xml-stylesheet type="text/xsl" href="static/style.xsl"?><OAI-PMH xmlns="http://www.openarchives.org/OAI/2.0/" xmlns:xsi="http://www.w3.org/2001/XMLSchema-instance" xsi:schemaLocation="http://www.openarchives.org/OAI/2.0/ http://www.openarchives.org/OAI/2.0/OAI-PMH.xsd"><responseDate>2026-04-13T13:17:33Z</responseDate><request verb="GetRecord" identifier="oai:www.recercat.cat:10230/70831" metadataPrefix="marc">https://recercat.cat/oai/request</request><GetRecord><record><header><identifier>oai:recercat.cat:10230/70831</identifier><datestamp>2025-07-05T22:00:04Z</datestamp><setSpec>com_2072_6</setSpec><setSpec>col_2072_452952</setSpec></header><metadata><record xmlns="http://www.loc.gov/MARC21/slim" xmlns:dcterms="http://purl.org/dc/terms/" xmlns:xsi="http://www.w3.org/2001/XMLSchema-instance" xmlns:doc="http://www.lyncode.com/xoai" xsi:schemaLocation="http://www.loc.gov/MARC21/slim http://www.loc.gov/standards/marcxml/schema/MARC21slim.xsd">
   <leader>00925njm 22002777a 4500</leader>
   <datafield ind2=" " ind1=" " tag="042">
      <subfield code="a">dc</subfield>
   </datafield>
   <datafield ind2=" " ind1=" " tag="720">
      <subfield code="a">Rúa-Figueroa, Iñigo</subfield>
      <subfield code="e">author</subfield>
   </datafield>
   <datafield ind2=" " ind1=" " tag="720">
      <subfield code="a">Carrión-Barberà, María Irene</subfield>
      <subfield code="e">author</subfield>
   </datafield>
   <datafield ind2=" " ind1=" " tag="720">
      <subfield code="a">Pego-Reigosa, José Maria</subfield>
      <subfield code="e">author</subfield>
   </datafield>
   <datafield ind2=" " ind1=" " tag="260">
      <subfield code="c">2025-07-04T06:26:12Z</subfield>
   </datafield>
   <datafield ind2=" " ind1=" " tag="260">
      <subfield code="c">2025-07-04T06:26:12Z</subfield>
   </datafield>
   <datafield ind2=" " ind1=" " tag="260">
      <subfield code="c">2024</subfield>
   </datafield>
   <datafield ind2=" " ind1=" " tag="520">
      <subfield code="a">Objective: To develop an improved score for prediction of severe infection in patients with systemic lupus erythematosus (SLE), namely, the SLE Severe Infection Score-Revised (SLESIS-R) and to validate it in a large multicentre lupus cohort. Methods: We used data from the prospective phase of RELESSER (RELESSER-PROS), the SLE register of the Spanish Society of Rheumatology. A multivariable logistic model was constructed taking into account the variables already forming the SLESIS score, plus all other potential predictors identified in a literature review. Performance was analysed using the C-statistic and the area under the receiver operating characteristic curve (AUROC). Internal validation was carried out using a 100-sample bootstrapping procedure. ORs were transformed into score items, and the AUROC was used to determine performance. Results: A total of 1459 patients who had completed 1 year of follow-up were included in the development cohort (mean age, 49±13 years; 90% women). Twenty-five (1.7%) had experienced ≥1 severe infection. According to the adjusted multivariate model, severe infection could be predicted from four variables: age (years) ≥60, previous SLE-related hospitalisation, previous serious infection and glucocorticoid dose. A score was built from the best model, taking values from 0 to 17. The AUROC was 0.861 (0.777-0.946). The cut-off chosen was ≥6, which exhibited an accuracy of 85.9% and a positive likelihood ratio of 5.48. Conclusions: SLESIS-R is an accurate and feasible instrument for predicting infections in patients with SLE. SLESIS-R could help to make informed decisions on the use of immunosuppressants and the implementation of preventive measures.</subfield>
   </datafield>
   <datafield ind1="8" ind2=" " tag="024">
      <subfield code="a">http://hdl.handle.net/10230/70831</subfield>
   </datafield>
   <datafield tag="653" ind2=" " ind1=" ">
      <subfield code="a">Epidemiology</subfield>
   </datafield>
   <datafield tag="653" ind2=" " ind1=" ">
      <subfield code="a">Lupus erythematosus</subfield>
   </datafield>
   <datafield tag="653" ind2=" " ind1=" ">
      <subfield code="a">Systemic</subfield>
   </datafield>
   <datafield tag="653" ind2=" " ind1=" ">
      <subfield code="a">Risk factors</subfield>
   </datafield>
   <datafield ind2="0" ind1="0" tag="245">
      <subfield code="a">SLESIS-R: an improved score for prediction of serious infection in patients with systemic lupus erythematosus based on the RELESSER prospective cohort</subfield>
   </datafield>
</record></metadata></record></GetRecord></OAI-PMH>